Statistics for British Cultural Symbols

Click here to take the quiz!

General Stats

  • This quiz has been taken 41,604 times
    (41,500 since last reset)
  • The average score is 15 of 22

Answer Stats

Clue Answer % Correct
Flag of the UKUnion Jack
93%
Fictional super-spyJames Bond
92%
Boy wizardHarry Potter
91%
Fictional detectiveSherlock Holmes
87%
National anthemGod Save the Queen
85%
Nickname of the London undergroundThe Tube
83%
Iconic bus typeDouble Decker
82%
TV show about a time-travelling alienDoctor Who
79%
Warning on the aboveMind the {Gap}
75%
Bell on the Palace of WestminsterBig Ben
75%
Symbolizes fortitudeStiff {Upper} {Lip}
69%
Nickname of friendly London policemenBobbies
67%
Patron saint (England)St. George
65%
The Fab FourThe Beatles
63%
National animal (England)Lion
59%
Tower of London guardiansBeefeaters
57%
Dog breedBulldog
57%
National animal (Wales)Dragon
57%
Patron saint (Scotland)St. Andrew
52%
Patron saint (Wales)St. David
41%
National animal (Scotland)Unicorn
36%
British version of Uncle SamJohn Bull or
Lord Kitchener
19%

Score Distribution

Percentile by Number Answered

Percent of People with Each Score

Your Score History

You have not taken this quiz since the last reset